Historia feminista de la literatura argentina : En la intemperie. Poéticas de la fragilidad y la revuelta /
El tomo IV de la Historia feminista de la literatura argentina abarca el período 1990-2020. El proyecto se ocupa de revisar los archivos y resignificarlos, cuestionando tanto sus fundamentos patriarcales como los de la crítica que le dio cuerpo; desafiar no solo las ausencias sino los protocolos de...
Guardado en:
| Autor Principal: | |
|---|---|
| Otros Autores: | , , , , , , , , , , , , , , , , , , , , , , , , , , , , , |
| Formato: | Libro |
| Idioma: | Undetermined |
| Publicado: |
Villa María :
Eduvim,
2020.
|
| Edición: | 1a ed. |
| Series: | Historia feminista de la literatura argentina
|
| Materias: | |
| Etiquetas: |
Agregar Etiqueta
Sin Etiquetas, Sea el primero en etiquetar este registro!
|
| LEADER | 06315nam a22006015a 4500 | ||
|---|---|---|---|
| 001 | CEM.cems025161 | ||
| 008 | 260505s2020####xx############000#0#und#d | ||
| 005 | 20260505172156.0 | ||
| 245 | 1 | 0 | |a Historia feminista de la literatura argentina : |b En la intemperie. Poéticas de la fragilidad y la revuelta / |c Coordinado por Laura A. Arnés, Lucía De Leone y María José Punte. |
| 250 | |a 1a ed. | ||
| 260 | |a Villa María : |b Eduvim, |c 2020. | ||
| 300 | |a 590 p. | ||
| 490 | 1 | |a Historia feminista de la literatura argentina | |
| 505 | 0 | |a 1. ALIANZAS FEMINISTAS -- "Zapatos rojos": hacer de lo poético un lugar de encuentro / Anahí Mallol -- Agua de beber, una extraña antología / Andi Nachón -- Belleza y Felicidad o la insurgencia de una vanguardia feminista / Cecilia Palmeiro -- Palabras extrañadas y comunidades experimentales: el proyecto Escrituras / Claudia Kozak -- Nube Loca mata al Buda -formas de vencer la fuerza de la gravedad del nombre- / ww www wwww -- 2. DESHECHOS NEOLIBERALES -- Hacer concha. Escrituras perfomáticas del odio y pedagogías públicas / Gabriel Giorgi -- En medio de descartes. Lo precario entre la vida y la muerte / Flor Minici -- Lo residual como gesto crítico: un porvenir de los restos / Isabel Alicia Quintana -- De intrusas a mujeres ardientes. Narraciones sobre feminicidios / Inés Kreplak -- Movimientos, afectos, sensaciones: para abordar la violencia del neoliberalismo / Francine Masiello -- 3. TERRITORIOS GENERIZADOS -- La pampa errante. Un trayecto de desobediencia / Lucía De Leone -- Mi conurbanidad / Alessandra Luna -- Itinerancias baldías: entre el trabajo sexual y la trata sexocomercial / Paula Daniela Bianchi -- Ella dice que fue así. Recorridos disidentes en las crónicas de autoras del presente / Tamara Tenenbaum -- Lo materno: espacio continuo, presente perpetuo / Juana Roggero -- Configuraciones de la intimidad y lo doméstico en la narrativa actual / Carolina Grenoville -- El patio con ventanas: las lenguas de la literatura feminista en el siglo XXI / Mónica Szurmuk y Mauro Lazarovich -- 4. ANTE LA CRÍTICA -- Habitar, cuestionar y reinventar la "ciudad letrada": las críticas literarias feministas / Florencia Angilletta -- Querida audiencia / gaita nihil -- El amor, ese incansable. Una aproximación a la novela romántica actual / Julieta Obedman -- "Jaspeada de inteligencia": la historia de la literatura argentina del siglo XXI desde un punto de vista feminista / Guadalupe Maradei -- Notas conspiratorias / María Sonia Cristoff -- 5. ERÓTICAS FESTIVAS -- Contar el cuento: sexualidades fuera de término / Laura A. Arnés -- Con esta boca, en este mundo. El devenir de los ciclos de poesía desde los años setenta hasta la actualidad / Paula Jiménez España -- Escrituras travestis-trans: ¿cómo hacerse un cuerpo propio? / Pablo Farneda -- Panfleto / María Moreno -- 6. JÓVENES INSOLENTES -- Las nuevas poetissas del siglo XXI / Tamara Kamenszain -- Literatura argentina y aborto: intervención inicial sobre un corpus embrionario / Ilona Aczel -- Las hijas de la militancia / Mariela Peller -- Dos muchachas / Julián López -- Ganar la calle: recorridos y andares de las pibas / María José Punte -- Epílogo: Tiempo compartido- 1990-2019: un recorte / Nora Domínguez | |
| 520 | |a El tomo IV de la Historia feminista de la literatura argentina abarca el período 1990-2020. El proyecto se ocupa de revisar los archivos y resignificarlos, cuestionando tanto sus fundamentos patriarcales como los de la crítica que le dio cuerpo; desafiar no solo las ausencias sino los protocolos de representación, sus estructuras y normalizaciones. Al promover ficciones y lecturas que ponen en contacto cuerpos sexuales y textuales que la crítica no pudo o no quiso ver en contigüidad, son activadas perspectivas hasta el momento inimaginables. Al moverse en una línea paralela al canon, las experiencias literarias rescatadas en este tomo se vuelven más dinámicas y adquieren una eficacia política impensable: porque se saben campo de tensiones no autónomo respecto de la política y de los afectos; porque ponen en escena que toda intimidad es imaginaria y política, y que el valor literario no es sino una construcción con diversas dimensiones; porque son voces encarnadas que profundizan en las ficciones del yo (aunque transpiran siempre algo de lo personal, un hilo que las mantiene unidas a lo viviente). Este volumen es una entrada posible, un gesto de apertura hacia ciertas zonas de la literatura del presente que no son materia habitual de la crítica literaria argentina. El tomo dialoga con muchos de los problemas que se le acreditan al arte actual y a la literatura contemporánea: las figuraciones de espacio y temporalidad, las negociaciones interdisciplinares y la pregunta por su estatuto en la era de la desdiferenciación, los debates en torno al realismo y las especulaciones acerca del régimen actual de lo literario. | ||
| 020 | |a 9789876996228 | ||
| 100 | 1 | |a Arnés, Laura A.; coord. | |
| 700 | 1 | |a Leone, Lucía De.; coord. | |
| 700 | 1 | |a María José Punte; coord. | |
| 700 | 1 | |a Domínguez, Nora; dir. | |
| 700 | 1 | |a Mallol, Anahí. | |
| 700 | 1 | |a Nachón, Andi. | |
| 700 | 1 | |a Palmeiro, Cecilia. | |
| 700 | 1 | |a Kozak, Claudia. | |
| 700 | 1 | |a ww www wwww. | |
| 700 | 1 | |a Giorgi, Gabriel. | |
| 700 | 1 | |a Minici, Flor. | |
| 700 | 1 | |a Quintana, Isabel Alicia. | |
| 700 | 1 | |a Masiello, Francine. | |
| 700 | 1 | |a Luna, Alessandra. | |
| 700 | 1 | |a Bianchi, Paula Daniela. | |
| 700 | 1 | |a Tenenbaum, Tamara. | |
| 700 | 1 | |a Roggero, Juana. | |
| 700 | 1 | |a Grenoville, Carolina. | |
| 700 | 1 | |a Szurmuk, Mónica. | |
| 700 | 1 | |a Lazarovich, Mauro. | |
| 700 | 1 | |a Angilletta, Florencia. | |
| 700 | 1 | |a gaita nihil. | |
| 700 | 1 | |a Obedman, Julieta. | |
| 700 | 1 | |a Maradei, Guadalupe. | |
| 700 | 1 | |a Cristoff, María Sonia. | |
| 700 | 1 | |a Jiménez España, Paula. | |
| 700 | 1 | |a Farneda, Pablo. | |
| 700 | 1 | |a Moreno, María. | |
| 700 | 1 | |a Kamenszain, Tamara. | |
| 700 | 1 | |a Aczel, Ilona. | |
| 700 | 1 | |a Peller, Mariela. | |
| 653 | |a Historia de la literatura argentina | ||
| 653 | |a Estudios de género | ||
| 653 | |a Feminismo | ||
| 653 | |a Revisionismo histórico feminista | ||
| 653 | |a Crítica literaria | ||
| 859 | |a CEMS |b BIB. CEMS - 11 de abril |h A860.9 |i Ar622 |p 30772.26 |t Ej.1 |v IV | ||
